000
00301nam a2200121Ia 4500
008
220204s9999 xx 000 0 und d
020
_a
8176353167
082
_a
681.31ASP
_b
WAL
100
_a
Walther, Stephen
245
0
_a
Active server pages 2.0
260
_a
New Delhi
_b
Techmedia
_c
1999
942
_c
BK
999
_c
41990
_d
41990